Normal view
MARC view
Entry Personal Name
001 - CONTROL NUMBER
- control field: 13553
003 - CONTROL NUMBER IDENTIFIER
- control field: BD-RjUL
005 - DATE AND TIME OF LATEST TRANSACTION
- control field: 20240919115104.0
008 - FIXED-LENGTH DATA ELEMENTS
- fixed length control field: 240919|| aca||aabn | a|a d
040 ## - CATALOGING SOURCE
- Original cataloging agency: BD-RjUL
- Transcribing agency: BD-RjUL
100 ## - HEADING--PERSONAL NAME
- Personal name: لكهنوى , فاضل
670 ## - SOURCE DATA FOUND
- Source citation: Work cat.: (BD-RjUL)84015: لكهنوى , فاضل, بيان معاني : شرح انتخاب قصائد خاقاني ';; bayan maeani : sharh antikhab qasayid khaqani /, 1967